000 006490000a22001930004500
001 768714001
003 CO-MdFUSB
005 20170425091937.0
008 170425s2008 cr ||||| |||| 00| 0 spa d
040 _aCO-MdFUSB
_bspa
_cCO-MdFUSB
_dCO-MdFUSB
041 _aspa
100 1 _aMora Cabezas, Alexander
_eautor
245 1 0 _aCalidad Ministerial :
_bun modelo por alcanzar
300 _aVolumen 11, número 37, (2008), Páginas 4-7
_c28 cm.
546 _aTexto en español
650 1 4 _aMINISTERIO-COMPROMISO
773 0 _tAlcanzando a los Niños en Riesgo
_049458
_960567
_gVolumen 11, número 37, (2008), Páginas 4-7
_q Página 4
942 _cANA
999 _c62582
_d62582